Język hiszpański - najważniejsze czasowniki część 1 - Statystyki

Ogólne statystyki
  • Ten quiz został rozwiązany 136 razy
    135 od ostatniego zresetowania
  • Średni wynik to 12 z 25
Statystyki odpowiedzi
Po hiszpańsku Po polsku % Poprawnych
beber pić
87%
comer jeść
81%
leer czytać
76%
escribir pisać
76%
escuchar słuchać
74%
estar być
73%
abrir otwierać
71%
ir iść
70%
hablar rozmawiać
67%
jugar grać
62%
dormir spać
62%
comprar kupować
60%
buscar szukać
59%
hacer robić
57%
dar dawać
49%
comenzar (empezar) zaczynać
40%
cerrar zamykać
40%
conocer znać
37%
entender rozumieć
35%
decir powiedzieć
26%
encontrar znaleźć
19%
conducir prowadzić samochód
10%
andar iść na piechotę
4%
caerse przewracać się
4%
caminar iść na piechotę
2%
Nie znaleziono quizów pasujących do podanych kryteriów
Rozkład punktacji
Procent ludzi z każdym wynikiem
Percentyl według liczby udzielonych odpowiedzi
Twoja historia wyników
Nie rozwiązałeś tego quizu od ostatniego zresetowania